Undang-undang keluarga Islam dan wanita di negara-negara ASEAN / (Record no. 1911)
[ view plain ]
| 000 -LEADER | |
|---|---|
| fixed length control field | nam a22 a 4500 |
| 003 - CONTROL NUMBER IDENTIFIER | |
| control field | AKMAL |
| 005 - DATE AND TIME OF LATEST TRANSACTION | |
| control field | 20170512120059.0 |
| 008 - FIXED-LENGTH DATA ELEMENTS--GENERAL INFORMATION | |
| fixed length control field | 1 s1999 my 00 may d |
| 020 ## - INTERNATIONAL STANDARD BOOK NUMBER | |
| International Standard Book Number | 9839099515 (kkt.): |
| Terms of availability | RM30.00 |
| 040 ## - CATALOGING SOURCE | |
| Original cataloging agency | AKMAL |
| 082 04 - DEWEY DECIMAL CLASSIFICATION NUMBER | |
| Classification number | 346.59015 UND |
| Edition number | 21 |
| 090 ## - LOCALLY ASSIGNED LC-TYPE CALL NUMBER (OCLC); LOCAL CALL NUMBER (RLIN) | |
| Classification number (OCLC) (R) ; Classification number, CALL (RLIN) (NR) | 346.59016 |
| Local cutter number (OCLC) ; Book number/undivided call number, CALL (RLIN) | UND |
| 245 00 - TITLE STATEMENT | |
| Title | Undang-undang keluarga Islam dan wanita di negara-negara ASEAN / |
| Statement of responsibility, etc. | penyunting Abdul Monir Yaacob |
| 260 ## - PUBLICATION, DISTRIBUTION, ETC. | |
| Place of publication, distribution, etc. | Kuala Lumpur : |
| Name of publisher, distributor, etc. | Institut Kefahaman Islam Malaysia, |
| Date of publication, distribution, etc. | 1999 |
| 300 00 - PHYSICAL DESCRIPTION | |
| Extent | xv, 375ms. ; |
| Dimensions | 23cm |
| 504 ## - BIBLIOGRAPHY, ETC. NOTE | |
| Bibliography, etc. note | Mengandungi rujukan bibliografi |
| 650 #0 - SUBJECT ADDED ENTRY--TOPICAL TERM | |
| Topical term or geographic name entry element | Domestic relations (Islamic law) |
| Geographic subdivision | Asia, Southeastern |
| 9 (RLIN) | 3963 |
| 650 #0 - SUBJECT ADDED ENTRY--TOPICAL TERM | |
| Topical term or geographic name entry element | Marriage (Islamic law) |
| Geographic subdivision | Asia, Southeastern |
| 9 (RLIN) | 3964 |
| 650 #0 - SUBJECT ADDED ENTRY--TOPICAL TERM | |
| Topical term or geographic name entry element | Muslim women |
| General subdivision | Law and legislation |
| Geographic subdivision | Asia, Southeastern |
| 9 (RLIN) | 3965 |
| 700 0# - ADDED ENTRY--PERSONAL NAME | |
| Personal name | Abdul Monir Yaacob, |
| Titles and other words associated with a name | Dato', |
| Dates associated with a name | 1946- |
| 9 (RLIN) | 2006 |
| 942 ## - ADDED ENTRY ELEMENTS (KOHA) | |
| Source of classification or shelving scheme | |
| Koha item type | Book |
| Withdrawn status | Lost status | Source of classification or shelving scheme | Damaged status | Not for loan | Collection code | Home library | Current library | Shelving location | Date acquired | Inventory number | Total Checkouts | Full call number | Barcode | Date last seen | Price effective from | Koha item type |
|---|---|---|---|---|---|---|---|---|---|---|---|---|---|---|---|---|
| NON-FICTION | AKMAL Melaka | AKMAL Melaka | PINJAMAN | 12.05.2017 | 303215 | 346.59015 UND | 201705965 | 12.05.2017 | 12.05.2017 | Book |
